00545nam a2200169 i 4500001000300000100002900003245007300032260002100105650001100126650003000137655001800167040000800185041000800193080003500201008004100236856009800277bg1 aBIELECKI, Jand(?-2001). 0aGrafika Turbo :bod Turbo Pascala 4.0 do Turbo C 1.5 /cJ. Bielecki. aWarszawa,c1989. 9aPascal 9aC (język programowania) aPodręczniki cBPK apol a681.322.06:681.327:741/744:514 s pl f |000 0 pol  uhttp://koha.tu.koszalin.pl/cgi-bin/koha/opac-detail.pl?biblionumber=10250yKatalog online BPK